000
00304 a2200145 4500
001
180405
020
_a
040
_c
Magnum
100
_a
Claret, Ivan
240
1
0
_a
A mao que semeia
_l
por
245
1
0
_a
A mao que semeia
362
0
_a
1899
697
_a
MAGNITO: IJ/SOCIEDADE COTIDIAN
942
_c
BK
999
_c
180405
_d
180405